000 00842nam a22002177a 4500
005 20150708103325.0
008 140714b xxu||||| |||| 00| 0 Urdu d
010 _aUR-9173
020 _c115.00
035 _aU-7728
037 _bBPPD/Pub/Ven
040 _aDPL
_bUrdu
082 _a440.854
100 _aا شا عتی ٹيم:ا يڈ يٹر:سيد پر و يز ا حمد
245 _aا ر د و ز با ن و ا د ب کی تا ر يخ
_cا شا عتی ٹيم:ا يڈ يٹر:سيد پر و يز ا حمد
246 h _aUrdu Zaban Wa Adab ki Tarikh
_bEdited by Sayyed Parvez Ahmad
260 _bNational Council of Educational Research and Training
_c2013
_aNew Delhi
270 _aN.C.E.R.T.Camps.Sri Arvind Marg,
_bNew Delhi
_k -
_e110016
300 _a223ص
_c22Cm (Hb)
942 _2ddc
_cUR
_e
_h440.854
_mپ ر و
999 _c94721
_d94721